00429nam a2200169Ia 450000500170000000800410001702000180005804100120007608200150008810000200010324500240012325000080014726000350015550000150019065000360020570000180024120240823061621.0240823s9999||||xx |||||||||||||| ||und|| a81-89638-15-7 aENGLISH A621.402 P6 aSunder Selwyn T 0aThermal Engineering a1st c2006bAnuradha AgeaKumbakonam aTRANSFERED aThermal EngineeringbMechanical a Jayendiran R